书目信息 |
| 题名: |
电力拖动自动控制系统习题例题集
|
|
| 作者: | 童福尧 编著 | |
| 分册: | ||
| 出版信息: | 北京 机械工业出版社 1993.5 |
|
| 页数: | 194页 | |
| 开本: | 26cm | |
| 丛书名: | ||
| 单 册: | ||
| 中图分类: | TM921.5-44 | |
| 科图分类: | ||
| 主题词: | 电力拖动-自动控制--高等学校--习题 , 自动控制-电力拖动--高等学校--习题 | |
| 电子资源: | ||
| ISBN: | 7-111-03552-6 | |
| 000 | 00863nam0 2200253 45 | |
| 001 | 0193027529 | |
| 005 | 20061009093654.54 | |
| 010 | @a7-111-03552-6@dCNY18.00 | |
| 100 | @a19800101d1993 em y0chiy0121 ea | |
| 101 | 0 | @achi |
| 102 | @aCN@b110000 | |
| 105 | @ay y 000yy | |
| 200 | 10 | @a电力拖动自动控制系统习题例题集@ADIAN LI TUO DONG ZI DONG KONG ZHI XI TONG XI TI LI TI JI@f童福尧编著@FTONG FU YAO BIAN ZHU |
| 210 | @a北京@c机械工业出版社@d1993.5 | |
| 215 | @a194页@d26cm | |
| 300 | @a普通高等教育机电类规划教材 | |
| 304 | @a童福尧,浙江大学任教 | |
| 540 | 1 | @a电力 拖动 自动 控制@ADIAN LI TUO DONG ZI DONG KONG ZHI |
| 606 | @a电力拖动-自动控制@x高等学校@x习题 | |
| 606 | @a自动控制-电力拖动@x高等学校@x习题 | |
| 690 | @aTM921.5-44 | |
| 701 | 0 | @a童福尧@ATONG FU YAO@4编著 |
| 801 | 0 | @aCN@bTSSF@c20061009 |
| 905 | @a10447@dTM921.5-44@e100 | |
| 电力拖动自动控制系统习题例题集/童福尧编著.-北京:机械工业出版社,1993.5 |
| 194页;26cm |
| 普通高等教育机电类规划教材 |
| ISBN 7-111-03552-6:CNY18.00 |
| ● |
| 相关链接 |
|
|
|
|
正题名:电力拖动自动控制系统习题例题集
索取号:TM921.5-44/100
 
预约/预借
| 序号 | 登录号 | 条形码 | 馆藏地/架位号 | 状态 | 备注 |
| 1 | 0494279 | 204942795 | 第二样本阅览室/ [索取号:TM921.5-44/100] | 在馆 |